|
|
|
|
| LEADER |
00000cam a2200000 7i4500 |
| 001 |
0000017887 |
| 005 |
20080604.0 |
| 008 |
080527 |
| 020 |
|
|
|a 0816064288
|
| 090 |
0 |
0 |
|a 613.0423403
|b ROT
|
| 100 |
1 |
|
|a Rothfeld, Glenn S
|
| 245 |
1 |
4 |
|a The A to Z of men's health
|c Glenn S. Rothfeld ; Deborah S. Romaine
|
| 260 |
|
|
|a New York :
|b Checkmark Books ,
|c 2005
|
| 440 |
|
2 |
|a A concise encyclopedia
|
| 650 |
|
0 |
|a Health
|x Encyclopedia
|x English
|
| 650 |
|
0 |
|a Men
|x Diseases
|x Encyclopedia
|
| 650 |
|
0 |
|a Men
|x Encyclopedia
|x English
|
| 650 |
|
0 |
|a Men
|x Health and hygiene
|
| 700 |
1 |
|
|a Romaine, Deborah S
|
| 999 |
|
|
|a 0001015223
|b Book
|c Adult Collection
|e Perbadanan Perpustakaan Awam Johor
|